| 000 | 01080 a2200193 4500 | ||
|---|---|---|---|
| 001 | 29592 | ||
| 005 | 20260407155605.0 | ||
| 008 | 260407a1949 arg spa d | ||
| 003 | AR-UNSa-BCEJYS | ||
| 040 |
_aAR-UNSa-BCEJYS _bspa _cAR-UNSa-BCEJYS |
||
| 080 |
_a657.312 _xTipo de presupuestos |
||
| 245 | 1 | 0 | _aControl presupuestario |
| 264 | 1 |
_aBuenos Aires : _bSelección Contable _c1949 |
|
| 300 |
_a151 p. _c23 cm. |
||
| 505 | _a1. Fundamentos del control presupuestario - 2. Preparación de presupuestos - 3. Control de las desviaciones - 4. Presupuesto de ventas - 5. Presupuesto de producción - 6. Presupuesto de compras y existencias - 7. Presupuesto de planta y equipo - 8. Presupuesto de cargas y gastos de la explotación - 9. Presupuesto de crédito a cobrar - 10. Presupuesto de créditos a pagar - 11. Presupuesto de inversiones financieras - 12. Presupuesto de capital y reservas - 13. Presupuesto financiero - 14. Balances de situación y estado de pérdidas y ganancias | ||
| 942 | _cBK | ||
| 590 | _aniveau_biblio:m niveau_hierar:0 | ||
| 100 | 1 | _aCholvis, Francisco | |
| 999 |
_c1899 _d1899 |
||